| 000 | 00716nam a22003017a 4500 | ||
|---|---|---|---|
| 003 | OSt | ||
| 005 | 20140401085504.0 | ||
| 008 | 140401b xxu||||| |||| 00| 0 eng d | ||
| 020 | _a9780590999267 | ||
| 050 |
_aLB 1049.9 _b.K19s56 1997 |
||
| 100 | _aKatzman, Carol. | ||
| 245 |
_aBo's Bows / _cCarol Katzman. |
||
| 260 |
_aUSA : _bScholastic Inc., _cc1997. |
||
| 300 |
_a15 p. ; _bcol. ill. ; _c14 cm. |
||
| 521 | _aG1 | ||
| 526 | _c200 | ||
| 650 | _aReaders (Primary) | ||
| 650 |
_aReading _xPhonetic method. |
||
| 942 |
_2lcc _cBK |
||
| 999 |
_c53418 _d53418 |
||